000 00943nam a2200313 i 4500
001 38129
003 KOSZ 005
005 20211229094633.0
008 010203s2000 pl f f |000 0 pol d
020 _a8371973195
040 _cKOSZ 005
_aKOSZ 005
_dKOSZ 005/HR
046 _k2000
080 _a004.451
080 _a(07)
100 1 _aMarczyński, Jerzy
_eAutor
245 1 0 _aRed Hat Linux 6.2 :
_bćwiczenia praktyczne /
_cMarczyński Jerzy.
260 _aGliwice :
_bHelion,
_c2000.
300 _a172 s. ;
_crys.
380 _aKsiążki
388 _a1901-2000
388 _a1989-2000
650 4 _aSystemy operacyjne
650 4 _aRed Hat Linux
655 4 _aPodręcznik
658 _aInformatyka i technologie informacyjne
710 2 _aHelion
_4pbl.
856 _uhttp://koha.tu.koszalin.pl/cgi-bin/koha/opac-detail.pl?biblionumber=38129
_yKatalog online BPK
942 _cKS
_2UKD
999 _c38129
_d38129